Dr Christopher John Schilling and Mrs Joan M. Schilling and others v Canary Riverside Development Pte Limited and others (Record no. 77784)
[ view plain ]
| 000 -LEADER | |
|---|---|
| fixed length control field | 02236cab a2200277 4500 |
| 001 - CONTROL NUMBER | |
| control field | ##L135111 |
| 008 - FIXED-LENGTH DATA ELEMENTS--GENERAL INFORMATION | |
| fixed length control field | 060925n2006 000 0 eng u |
| 035 ## - SYSTEM CONTROL NUMBER | |
| System control number | (Sirsi) u135111 |
| 041 0# - LANGUAGE CODE | |
| Language code of text/sound track or separate title | eng |
| 245 00 - TITLE STATEMENT | |
| Title | Dr Christopher John Schilling and Mrs Joan M. Schilling and others v Canary Riverside Development Pte Limited and others |
| 260 ## - PUBLICATION, DISTRIBUTION, ETC. | |
| Date of publication, distribution, etc. | 2006 |
| 520 ## - SUMMARY, ETC. | |
| Summary, etc. | LT (LRX/26/2005; LRX/31/2005; LRX/47/2005), 6 December 2005. Concerns two service charge appeals against the decision of the LVT of the London Rent Assessment Panel issued on 11 January 2005. These appeals were heard at the same time as the related costs decision (LRX/65/2005, L135107). S challenged the LVT's decision on a vast range of service charge items. S also claimed that certain terms of their leases were unfair terms within the meaning of the Unfair Terms in Consumer Contract Regulations 1999 and were therefore not enforceable against them. "Held": appeal in respect of the burden of proof dismissed. The initial onus lies on the tenants (S) applying to the LVT claiming that the service charges were unreasonable, to produce some evidence to support their case. They cannot simply put the landlord to proof. The judge agreed with the landlord (C) that the terms of their leases in question were fair, disagreeing with the LVT's conclusions. C's submission that the LVT had no jurisdiction to decide service charge issues was also dismissed. |
| 650 24 - SUBJECT ADDED ENTRY--TOPICAL TERM | |
| Topical term or geographic name entry element | SCHILLING AND SCHILLING V CANARY RIVERSIDE PTE LTD |
| 650 24 - SUBJECT ADDED ENTRY--TOPICAL TERM | |
| Topical term or geographic name entry element | YORKBROOK INVESTMENTS V BATTEN |
| 650 24 - SUBJECT ADDED ENTRY--TOPICAL TERM | |
| Topical term or geographic name entry element | NIMMO V ALEXANDER COWAN AND SONS LTD |
| 650 24 - SUBJECT ADDED ENTRY--TOPICAL TERM | |
| Topical term or geographic name entry element | ARBRATH V NORTH EASTERN RAILWAY CO |
| 650 24 - SUBJECT ADDED ENTRY--TOPICAL TERM | |
| Topical term or geographic name entry element | UNFAIR TERMS IN CONSUMER CONTRACTS REGULATIONS 1999 |
| 650 24 - SUBJECT ADDED ENTRY--TOPICAL TERM | |
| Topical term or geographic name entry element | LANDLORD AND TENANT ACT 1985 S27A |
| 650 24 - SUBJECT ADDED ENTRY--TOPICAL TERM | |
| Topical term or geographic name entry element | LANDLORD AND TENANT ACT 1985 S19 |
| 650 24 - SUBJECT ADDED ENTRY--TOPICAL TERM | |
| Topical term or geographic name entry element | ROYAL BANK OF SCOTLAND V ETRIDGE |
| 650 24 - SUBJECT ADDED ENTRY--TOPICAL TERM | |
| Topical term or geographic name entry element | SCHILLING V CANARY RIVERSIDE DEVELOPMENT |
| 651 #4 - SUBJECT ADDED ENTRY--GEOGRAPHIC NAME | |
| Geographic name | England and Wales |
| Chronological subdivision | 1543- |
| 690 ## - LOCAL SUBJECT ADDED ENTRY--TOPICAL TERM (OCLC, RLIN) | |
| Topical term or geographic name as entry element | PROPERTY-RESIDENTIAL PROPERTY-LEASEHOLD RESIDENTIAL PROPERTY-RESIDENTIAL LANDLORD AND TENANT-RESIDENTIAL SERVICE CHARGES |
| 856 40 - ELECTRONIC LOCATION AND ACCESS | |
| Uniform Resource Identifier | <a href="https://www.landstribunal.gov.uk/aspx/view.aspx?id=341">https://www.landstribunal.gov.uk/aspx/view.aspx?id=341</a> |
| Public note | View the judgment free of charge at www.landstribunal.gov.uk... |
| 942 ## - ADDED ENTRY ELEMENTS (KOHA) | |
| Suppress in OPAC | 0 |
| Withdrawn status | Lost status | Source of classification or shelving scheme | Damaged status | Not for loan | Home library | Current library | Shelving location | Date acquired | Total Checkouts | Full call number | Barcode | Date last seen | Copy number | Price effective from | Koha item type |
|---|---|---|---|---|---|---|---|---|---|---|---|---|---|---|---|
| Dewey Decimal Classification | Virtual | Virtual | Online | 25/09/2006 | ONLINE PUBLICATION | 135111-2001 | 06/08/2019 | 1 | 06/08/2019 | Law report |